| 000 | 00973cam a2200253 i 4500 | ||
|---|---|---|---|
| 003 | SA-RiAUC | ||
| 005 | 20251113112306.0 | ||
| 008 | 251110s1986 jo g 00000 ara c | ||
| 040 |
_aSA-RiAUC _bara _cSA-RiAUC _erda |
||
| 082 | 0 | 4 | _a243 |
| 090 |
_a243 _bش ق ر |
||
| 100 | 1 |
_aشقرة، محمد إبراهيم، _d1934-2017 _eمؤلف. |
|
| 245 | 1 | 2 |
_aالوسيلة إلى شفاعة صاحب الوسيلة / _cتأليف محمد إبراهيم شقرة. |
| 250 | _aالطبعة الثانية. | ||
| 264 | 1 |
_aعمان، الأردن : _bالمكتبة الإسلامية، _c1986 |
|
| 300 |
_a55 صفحة ؛ _c18 سم. |
||
| 336 |
_aنص _btxt _2rdacontent _3كتاب |
||
| 337 |
_aبدون وسيط _bn _2rdamedia |
||
| 338 |
_aمجلد _bnc _2rdacarrier |
||
| 440 | 0 |
_aمن فقه القرآن _v2 |
|
| 650 | 7 |
_aالصلاة على النبي (صلى الله عليه وسلم) _2aucsh |
|
| 942 |
_2ddc _cBOOK _n0 |
||
| 949 |
_aSA-JeALM _d251110 _umohamedma123 _n1 |
||
| 999 |
_c13223 _d13223 |
||